000 00571nam a2200145 4500
082 _aMSITE-02 NAB
100 _aNabia Mansoor
245 _aPrison based informal learning through speed literacy program and its impact on their psychological outcomes
260 _aIslamabad
_bNUST-SEECS
_c2017
300 _a100p.
_eCD Includes
856 _uhttp://10.250.8.41:8080/xmlui/handle/123456789/21511
942 _2ddc
_cTHE
999 _c332386
_d332386